| 000 | 01073nam a22002777a 4500 | ||
|---|---|---|---|
| 005 | 20180310102311.0 | ||
| 010 | _aBAC-EN21 ENG-109498 | ||
| 020 |
_c425.00 _a9788125052340 |
||
| 020 |
_c575.00 (AV) _a9788125052340 |
||
| 035 | _aEN-93031 | ||
| 035 | _aB-578917-939 | ||
| 035 | _aB-663875 | ||
| 037 |
_bBookwell/Ven _adpl |
||
| 037 | _bDBAD/PUB | ||
| 082 | _aS | ||
| 100 | _aMukhopadhyay,Troilkyanath | ||
| 245 | 0 | 0 |
_aOf ghosts and other perils / _cby Troilokyanath Mukhopadhyay ; translated from the Bengali with a biographical foreword and a critical afterword by Arnab Bhattacharya |
| 260 |
_aNew Delhi _bOrient Blakswan _c2013 |
||
| 270 |
_a1/24 Asaf Ali Road _bNew Delhi _e110002 |
||
| 300 |
_axxx,258p. _c22cm(pbk) |
||
| 500 | _aIncludes bibliographical references | ||
| 700 | _aBhattacharya, Arnab | ||
| 942 |
_2ddc _cEN _mMUK _hS |
||
| 999 |
_c82830 _d82830 |
||